Awake Kundalini / (Record no. 64272)

MARC details
000 -LEADER
fixed length control field 00438nam a22001457a 4500
005 - DATE AND TIME OF LATEST TRANSACTION
control field 20180813160203.0
020 ## - INTERNATIONAL STANDARD BOOK NUMBER
International Standard Book Number 8183820395
Terms of availability 125.00
035 ## - SYSTEM CONTROL NUMBER
System control number B-218589, B-218588, B-218591
037 ## - SOURCE OF ACQUISITION
Stock number DPL
Source of stock number/acquisition ENG
100 ## - MAIN ENTRY--PERSONAL NAME
Personal name Upadhyaya, Rajnikant
245 ## - TITLE STATEMENT
Title Awake Kundalini /
Statement of responsibility, etc by Rajnikant Upadhyaya and Gopal Sharma
260 ## - PUBLICATION, DISTRIBUTION, ETC. (IMPRINT)
Place of publication, distribution, etc New Delhi
Name of publisher, distributor, etc Lotus Press
Date of publication, distribution, etc 2006
300 ## - PHYSICAL DESCRIPTION
Extent v, 143p.
Dimensions 18 cms.
942 ## - ADDED ENTRY ELEMENTS (KOHA)
Source of classification or shelving scheme Dewey Decimal Classification
Item type English Books
Classification part 181.45
Call number suffix UPA
Holdings
Withdrawn status Lost status Not for loan Collection code Home library Current library Date acquired Cost, normal purchase price Full call number Barcode Cost, replacement price Koha item type Source of acquisition
      Non-fiction Central Library Central Library 04/12/2007 125.00 181.45 UPA B-218587 125.00 English Books  
      Non-fiction Patel Nagar Patel Nagar 06/08/2018 125.00 181.45 UPA B-218588 125.00 English Books BPPD/PUB
      Non-fiction Sarojini Nagar Sarojini Nagar 22/03/2012 125.00 181.45 UPA B-218589 125.00 English Books  
      Non-fiction Shahdara Branch Shahdara Branch 13/08/2018 125.00 181.45 UPA B-218591 125.00 English Books BPPD/PUB

© Delhi Public Library
Hit Counter
free hit counter